|
|
|
|
| LEADER |
00000nab a2200000 a 4500 |
| 001 |
vtls000398954 |
| 003 |
SK-MaSNL |
| 005 |
20260303195009.0 |
| 008 |
230120c1990 xo 0 cze |
| 015 |
|
|
|a SNBRB19rr/mm-uuuuu
|
| 035 |
|
|
|a CL0399078
|
| 035 |
|
|
|a urn:nbn:sk:snk-ab2l4k
|
| 035 |
|
|
|a (urnnbn)urn:nbn:sk:snk:ar-a02l8d
|
| 035 |
|
|
|a (uuid)83989bcc-2f8a-4e2d-9e36-55b62c4cd78b
|
| 040 |
|
|
|a SNKBUCL
|b slo
|c SNKBUCL
|e AACR2
|
| 041 |
0 |
|
|a cze
|
| 044 |
|
|
|a xo
|c SK
|
| 080 |
|
|
|a 624.21
|2 1981
|
| 080 |
|
|
|a 625.745.1
|2 1981
|
| 080 |
|
|
|a 624.2/.8
|2 1981
|
| 245 |
0 |
0 |
|a Mostní konstrukce ze segmentů DS-K ; Zdeněk Neudert, Josef Suchomela, Vladimír Krejčík, Petr Zukal
|
| 300 |
|
|
|b Obr. 5.
|
| 500 |
|
|
|a Súbež. text v angl.
|
| 650 |
0 |
7 |
|a segmentové mosty
|2 snkbucl
|9 224388
|
| 650 |
0 |
7 |
|a mostné konštrukcie
|2 snkbucl
|9 74313
|
| 650 |
0 |
7 |
|a segmenty mostné
|2 snkbucl
|9 1114961
|
| 650 |
0 |
7 |
|a DS-K (segment mostný)
|2 snkbucl
|9 1227712
|
| 650 |
0 |
7 |
|a Dopravní stavby, s.p., Olomouc
|2 snkbucl
|9 1227713
|
| 655 |
|
7 |
|a články z novín a časopisov
|2 snkbucl
|9 267496
|
| 700 |
1 |
|
|a Neudert, Zdeněk
|4 aut
|9 1114963
|
| 700 |
1 |
|
|a Suchomela, Josef
|4 aut
|9 1114964
|
| 700 |
1 |
|
|a Krejčík, Vladimír
|4 aut
|9 280228
|
| 700 |
1 |
|
|a Zukal, Petr
|4 aut
|9 1114965
|
| 773 |
0 |
|
|t Inženýrské stavby
|g Roč. 38, č. 3-4 (1990), s. 179-183
|
| 850 |
|
|
|a Slovenská národná knižnica v Martine
|a MTA001
|
| 852 |
|
|
|a SNK
|b KIS3GCP
|
| 954 |
|
|
|a odborná, vedecká literatúra cudzojazyčná (svetová)
|2 lita
|
| 957 |
|
|
|a 3805
|
| 958 |
|
|
|a RK
|
| 958 |
|
|
|a CZ
|
| 958 |
|
|
|a OND
|
| 958 |
|
|
|a EUIPO
|
| 958 |
|
|
|a article2022
|
| 992 |
|
|
|a RBX
|
| 999 |
|
|
|c 2160521
|d 2162451
|